Sobel - NAPISZ JAK BĘDZIESZ - Statystyki

Ogólne statystyki
  • Ten quiz został rozwiązany 35 razy
  • Średni wynik to 8 z 11
Statystyki odpowiedzi
Nazwa utworu % Poprawnych
10 CAŁE LATO
89%
4 KOCHASZ?
89%
2 CHA CHA
83%
13 POTWÓR
78%
6 BALASANA
72%
7 CAŁA CHATA GOŚCI
72%
1 CAŁY BLOK KRZYCZY
67%
11 JAKBY JUTRA MIAŁO NIE BYĆ
61%
5 PAMIĘTAM JAK
61%
12 KTO CIĘ TAK ZEPSUŁ.
56%
8 Z TYŁU GŁOWY
56%
Nie znaleziono quizów pasujących do podanych kryteriów
Rozkład punktacji
Procent ludzi z każdym wynikiem
Percentyl według liczby udzielonych odpowiedzi
Twoja historia wyników
Nie rozwiązałeś tego quizu